000 00619nam a2200205Ii 4500
003 JO-AjNU
008 230606s9999||||xx |||||||||||||| ||und||
020 _a978-0-07-066769-3/0-07-066769-1
040 _aJO-AjNU
_beng
_erda
_cJO-AjNU
041 _aeng
050 1 4 _aHD30.23.2008
100 3 _aHill,Charles W.L/Steven L.McShane,
_eauthor
_91290
245 0 0 _aPRINCNPLES OF MANAGEMENT
264 3 1 _aNEW DELHI:Tata McGraw-Hill Publishing Company Limited
300 _a512p
336 _atext
_btxt
_2rdacontent
337 _aunmediated
_bn
_2rdamedia
338 _avolume
_bnc
_2rdacarrier
650 4 _amanagement
_91291
999 _aE679
_c679
_d679